000 01014nac a2200277 i 4500
003 EG-GICUC
005 20260121101530.0
008 251221b1996 ua ||||fr|||| 00| 0 eng d
040 _aEG-GiCUC
_beng
_cEG-GiCUC
_dEG-GiCUC
_erda
082 0 4 _221
_a343
092 0 4 _221
099 _aLaw 10 1996
100 1 _aBelal, Ahmed Awad.
245 1 0 _aOutline of the English legal system and selected legal readings /
_cDr. Ahmed Awad Belal.
246 1 _aدراسة موجزة عن النظام القانونى الإنجليزى وقراءات قانونية مختارة
264 _aCairo :
_bDar El Nahda El Arabia,
_c1996.
300 _a286 pages ;
_c25 cm
336 _2rda content
_atext
337 _2rda media
_aComputer
338 _2rda carrier
_aOnline Resource
500 _aBook1 : Outline of the English legal system and selected legal readings.
650 1 0 _aCriminal law
_zEgypt
856 4 0 _uhttps://fll.law.cu.edu.eg/fulltext/bks/ENGB10-00061.pdf
905 _a10
942 _2ddc
_cBK
_e21
_n0
999 _c52063
_d52063